000 00370nam a22001457a 4500
003 OSt
020 _a4887061412
040 _c0
_d0
082 _222
_a779
100 _aKamiya, Takeo.
245 _aThe guide to the architecture of the Indian subcontinent /
260 _aJapan,
_bJindal Art Foundation,
_cc1996.
300 _a575 p. ;
_bill. ;
_c26 cm.
942 _2ddc
_cAE
_01
999 _c4975
_d4975